The estimation of houseprice indices based on repeat sales regression using land registry data (Record no. 102940)
[ view plain ]
| 000 -LEADER | |
|---|---|
| fixed length control field | 01137cam a2200253 4500 |
| 001 - CONTROL NUMBER | |
| control field | J122817 |
| 008 - FIXED-LENGTH DATA ELEMENTS--GENERAL INFORMATION | |
| fixed length control field | 030630n2002 000 0 eng u |
| 022 ## - INTERNATIONAL STANDARD SERIAL NUMBER | |
| International Standard Serial Number | 1354-506X |
| 035 ## - SYSTEM CONTROL NUMBER | |
| System control number | (Sirsi) u122817 |
| 041 ## - LANGUAGE CODE | |
| Language code of text/sound track or separate title | eng |
| 050 ## - LIBRARY OF CONGRESS CALL NUMBER | |
| Classification number | 333.332 |
| -- | 18 |
| 100 ## - MAIN ENTRY--PERSONAL NAME | |
| Personal name | Leishman, Chris |
| 245 #4 - TITLE STATEMENT | |
| Title | The estimation of houseprice indices based on repeat sales regression using land registry data |
| 260 ## - PUBLICATION, DISTRIBUTION, ETC. | |
| Place of publication, distribution, etc. | London |
| Name of publisher, distributor, etc. | RICS Foundation |
| Date of publication, distribution, etc. | 2002 |
| 490 ## - SERIES STATEMENT | |
| Series statement | RICS Foundation Research Papers |
| Volume/sequential designation | 4(13) |
| 520 ## - SUMMARY, ETC. | |
| Summary, etc. | Argues that if we are to have useful information on the performance of a housing market or markets then we require indicators that are not distorted by the differential performance of sub-sectors and sub-locations within the market. This requires that we construct a system of local house price indices. |
| 520 ## - SUMMARY, ETC. | |
| Summary, etc. | RICS members may also view the research via the public access terminals in the RICS Library - please ask Library Staff for details. |
| 650 ## - SUBJECT ADDED ENTRY--TOPICAL TERM | |
| Topical term or geographic name entry element | HOUSE PRICE INDICES |
| 650 ## - SUBJECT ADDED ENTRY--TOPICAL TERM | |
| Topical term or geographic name entry element | RESIDENTIAL PROPERTY MARKET |
| 650 ## - SUBJECT ADDED ENTRY--TOPICAL TERM | |
| Topical term or geographic name entry element | HOUSING-MARKET |
| 700 ## - ADDED ENTRY--PERSONAL NAME | |
| Personal name | Watkins, Craig |
| 700 ## - ADDED ENTRY--PERSONAL NAME | |
| Personal name | Fraser, Will |
| 942 ## - ADDED ENTRY ELEMENTS (KOHA) | |
| Suppress in OPAC | 0 |
| Withdrawn status | Lost status | Source of classification or shelving scheme | Damaged status | Not for loan | Home library | Current library | Shelving location | Date acquired | Total Checkouts | Full call number | Barcode | Date last seen | Copy number | Price effective from | Koha item type |
|---|---|---|---|---|---|---|---|---|---|---|---|---|---|---|---|
| Dewey Decimal Classification | Virtual | Virtual | Online | 30/06/2003 | ONLINE PUBLICATION | 122817-1001 | 06/08/2019 | 1 | 06/08/2019 | Book |